000 00609nam a22001937a 4500
005 20251108164725.0
008 250721s1987 xx 000 0 ara d
082 1 4 _a614.836/يكن
100 1 _aيكن، أمير
245 1 0 _aالوقاية من أخطار الكهرباء الخارجية و المنزلية /
264 1 _aبيروت :
_bدار قتيبة،
_c1987.
300 _a87ص
650 1 7 _aالوقاية من الكهرباء
650 1 7 _aالسلامة الصناعية
650 1 7 _aالإسعاف الأولي
700 1 _aعبد، نعيم
942 _2ddc
_cBK
999 _c12789
_d12789